| 000 | 00645nam a2200229 a 4500 | ||
|---|---|---|---|
| 001 | 83451 | ||
| 003 | BD-RjUL | ||
| 005 | 20240324103059.0 | ||
| 008 | 240324r19621954enk 00011 eng d | ||
| 035 | _a(BD-RjUL)83451 | ||
| 040 |
_aNRTW _cNRTW _beng _dBD-RjUL |
||
| 041 | _aeng | ||
| 082 | 0 |
_223 _a823.912 _bORK 1962 |
|
| 100 | 1 |
_aOrwell, George, _d1903-1950. _912495 |
|
| 245 | 1 | 0 |
_aKeep the aspidistra flying / _cGeorge Orwell. |
| 250 | _aUniform ed. | ||
| 260 |
_aLondon : _bSecker & Warburg, _c1954, [reprinted 1962] |
||
| 300 |
_a303 p. ; _c21 cm. |
||
| 500 | _aOriginally published 1936. | ||
| 650 | _aEnglish Fiction | ||
| 942 |
_2ddc _cBK |
||
| 999 |
_c83451 _d83451 |
||